| 000 | 00795cam a2200301 i 4500 | ||
|---|---|---|---|
| 001 | 768714001 | ||
| 003 | CO-MdFUSB | ||
| 005 | 20250528095826.0 | ||
| 007 | ta | ||
| 008 | 250527t1992 -us||||| |||| 00| 0 eng d | ||
| 020 | _a0-85151-595-9 | ||
| 040 | _cCO-MdFUSB | ||
| 041 | 0 | _aeng | |
| 082 | 0 | 4 |
_223 _a248.4 _bW3371g |
| 100 | 1 |
_aWatson, Thomas _eautor |
|
| 245 | 1 | 0 |
_aThe godly man's picture _c/ Thomas Watson |
| 264 | 1 |
_aCarlisle, PA., USA : _bThe Banner of Truth Trust, _c[1992] |
|
| 264 | 4 | _c©1992 | |
| 300 | _a252 páginas | ||
| 336 |
_atexto _btxt _2rdacontent |
||
| 337 |
_2rdamedia _asin mediación _bn |
||
| 338 |
_2rdacarrier _avolumen _bnc |
||
| 563 | _aRústico | ||
| 650 | 0 |
_aVida cristiana _919 |
|
| 942 | _cBK | ||
| 945 | _aMiguel Gómez | ||
| 999 |
_c35993 _d35993 |
||